Biblioteca

La pascua y el paso del mar en las interpretaciones judías, cristianas y musulmanas / Michel Berder... [et. al.] ; José Pedro Tosaus, Traductor (Registro nro. 39182)

Detalles MARC
000 -LÍDER
Campo fijo de descripción fija 006750000a22001930004500
020 ## - NÚMERO INTERNACIONAL NORMALIZADO PARA LIBROS
Número Internacional Normalizado del libro 84-8169-225-5
041 0# - CÓDIGO DE IDIOMA
Código de idioma para texto/pista de sonido o título separado
082 04 - NÚMERO DE CLASIFICACIÓN DECIMAL DEWEY
Número de clasificación G 296.437 B486p
001 - NÚMERO DE CONTROL
Campo de control 9103
245 10 - TÍTULO
Título del Material La pascua y el paso del mar en las interpretaciones judías, cristianas y musulmanas / Michel Berder... [et. al.] ; José Pedro Tosaus, Traductor
260 ## - PUBLICACIÓN, DISTRIBUCIÓN, ETC. (PIE DE IMPRENTA)
Lugar de publicación, distribución, etc. Estella, Navarra : Verbo Divino
300 ## - DESCRIPCIÓN FÍSICA
Extensión 99 Pag
336 ## - CONTENT TYPE
Content type term texto
Content type code txt
Source rdacontent
337 ## - MEDIA TYPE
Source rdamedia
Media type term sin mediación
Media type code n
338 ## - CARRIER TYPE
Source rdacarrier
Carrier type term volumen
Carrier type code nc
500 ## - NOTA GENERAL
Nota General Título original : La pâsque et les passage et les passage de la mer
942 ## - TIPO DE MATERIAL (KOHA)
Tipo de Item KOHA Libros General
Existencias
Estado de Material Estado de Perdido Estado de Dañado No para Préstamo Colección Tomo Biblioteca de Origen Biblioteca Permanente Fecha de Adquisición Total de Préstamos Signatura Topográfica Código de Barras Última vez visto Última vez Préstado Ejemplar/Existencia Fecha de Remplazo Tipo de Material
        Colección General 29 Biblioteca FUSBC Biblioteca FUSBC 18/01/2005 1 G 296.437 B486p 7618 12/12/2019 23/02/2016 1 26/01/2016 Libros General

Biblioteca FUSBC | Teléfono: (57+4) 349 88 10 Ext. 141| WhatsApp (+57) 3005338115 
E-mail: biblioteca@unisbc.edu.co | Calle 76 87-14 Robledo Palenque, Medellín, Colombia

Con tecnología Koha